Countries Split in Two Parts - Statistics

General Stats
  • This quiz has been taken 28 times
  • The average score is 6 of 13
Answer Stats
Part Cut Off Country % Correct
Istanbul Turkey
96%
Gaza Strip Palestine
89%
Nakhchivan Azerbaijan
64%
Yukhari Askipara Azerbaijan
64%
Barkhudarli Azerbaijan
64%
Cabinda Angola
50%
Artsvashen Armenia
46%
Musandam Oman
36%
Jungholz Austria
32%
Dahagram Bangladesh
32%
Temburong Brunei
29%
Vorukh Tajikistan
18%
Oecusse Timor-Leste
18%
No matching quizzes found
Score Distribution
Percent of People with Each Score
Percentile by Number Answered
Your Score History
You have not taken this quiz